Moderne Algebre /

Guardado en:
Autor Principal: Waerden, B. L. van der 1903-1996.
Otros Autores: Artin, Emil, 1898-1962., Noether, Emmy, 1882-1935.
Formato: Libro
Idioma:German
Publicado: New York : Frederick Ungar, [1943]
Edición:2. verb. Aufl.
Etiquetas: Agregar Etiqueta
Sin Etiquetas, Sea el primero en etiquetar este registro!
LEADER 00806nam a2200217 a 4500
001 MAT.inmabb001668
008 030508s1943####nyu###########001#0#ger#d
005 20150703183116.0
245 1 0 |a Moderne Algebre /  |c von dr.B. L. van der Waerden ... Unter benutzung von vorlesungen von E. Artin und E. Noether. 
250 |a 2. verb. Aufl. 
260 |a New York :  |b Frederick Ungar,  |c [1943] 
300 |a 2 t. en 1 v. :  |b il. ;  |c 24 cm. 
504 |a Bibliografía: p. 266 del vol. 1. 
100 1 |a Waerden, B. L. van der  |q (Bartel Leendert),  |d 1903-1996. 
700 1 |a Artin, Emil,  |d 1898-1962. 
700 1 |a Noether, Emmy,  |d 1882-1935. 
084 |a 12-01  |2 MSC2000 
084 |a 12-40  |2 MSC2000 
084 |a 13-01  |2 MSC2000 
859 |i W3 1949  |p DUP-A-3382  |t 1  |b BIB. MATEMATICA 
859 |i W3 1943  |p DUP-A-8055  |t 2  |b BIB. MATEMATICA